00432nam a2200157Ia 4500003000900000008004100009020001800050040001600068080001600084100001500100245006300115260005700178300001000235650000900245650002000254IN-BaIIA211028s9999 xx 000 0 eng d a0-7922-7373-7 cIIA Library a523.43bRAE aRaeburn, P 0aUncovering the secrets of the red planetbmarscP. Reaburn aWashington, D. C.bNational Geographic Societyc1998 a231p. aMars aViking missions